banner koha

The quality of crude glycerine influences the fermentation and nutritive value of Piatã grass silage (Registro n. 330915)

MARC details
000 -LÍDER
fixed length control field 02640nab a2200325 i 4500
003 - CÓDIGO MARC DA AGÊNCIA CATALOGADORA
Campo de controle BR-BrBNA
005 - DATA E HORA DA ÚLTIMA ATUALIZAÇÃO
Campo de controle 20250408141909.0
008 - CAMPO DE TAMANHO FIXO
fixed length control field 250408b2020 bl.ar|pooa||| 00| 0 eng |
040 ## - FONTE DA CATALOGAÇÃO
Agência catalogadora BR-BrBNA
Idioma da catalogação eng
072 ## - CATEGORIA AGRIS
Código AGRIS Q52
Código do objeto 8952
100 ## - ENTRADA PRINCIPAL - NOME PESSOAL
Nome pessoal Schwingel, Alice Watte
100 ## - ENTRADA PRINCIPAL - NOME PESSOAL
Nome pessoal Fernandes, Tatiane
100 ## - ENTRADA PRINCIPAL - NOME PESSOAL
Nome pessoal Orrico Junior, Marco Antonio Previdelli
100 ## - ENTRADA PRINCIPAL - NOME PESSOAL
Nome pessoal Orrico, Ana Carolina Amorim
100 ## - ENTRADA PRINCIPAL - NOME PESSOAL
Nome pessoal Lucas Junior, Jorge de
100 ## - ENTRADA PRINCIPAL - NOME PESSOAL
Nome pessoal Reis, Ricardo Andrade
100 ## - ENTRADA PRINCIPAL - NOME PESSOAL
Nome pessoal Souza, Ronaldo Omizolo de
245 ## - TÍTULO PRINCIPAL
Título principal The quality of crude glycerine influences the fermentation and nutritive value of Piatã grass silage
500 ## - NOTA GERAL
Nota geral Publicação on-line; 29 ref.; 2 illus; 3 tables; Sumaries (En)
942 ## - ADDED ENTRY ELEMENTS (KOHA)
Koha item type Analítica
520 ## - NOTA DE RESUMO
Nota de conteúdo <br/><br/>ABSTRACT - We aimed to evaluate the effects of crude glycerine purity and levels of glycerol on the fermentative profile, microorganisms counting, and nutritional value of Piatã grass silage. The experiment was carried out in a 3×3+1 completely randomized factorial design using three different types of crude glycerine [low purity (40% of glycerol), medium purity (60% glycerol), and high purity (80% glycerol)], three doses of glycerol (20, 40, and 60 g/kg DM), and a control (no crude glycerine added) as an additional treatment, which were stored for 80 days. Statistical differences were not observed on fermentative losses of the treatments tested. The increase of glycerol doses resulted in higher levels of non-fibrous carbohydrates and lower levels of fibre components. The addition of low-purity crude glycerine increased the levels of fat and in vitro digestibility of silages. The highest levels of lactic acid and acetic acid occurred in the treatments with 60 g/kg of glycerol when using crude glycerine with a low purity. The lowest lactic acid content was observed in the control treatment and in the lowest dose of glycerol. The highest glycerol dose (60 g/kg), associated with the lowest degree of crude glycerine purity (40%) resulted in the greatest nutritional value and provided the best silage conservation.<br/><br/>Keywords: byproduct of biodiesel, fermentation profile, forage conservation, ruminant feed
650 ## - ASSUNTO - THESAGRO
Cabeçalho tópico ou nome geográfico GRAMÍNEA TROPICAL
650 ## - ASSUNTO - THESAGRO
Cabeçalho tópico ou nome geográfico SILAGEM
650 ## - ASSUNTO - THESAGRO
Cabeçalho tópico ou nome geográfico FERMENTAÇÃO
650 ## - ASSUNTO - THESAGRO
Cabeçalho tópico ou nome geográfico GLICERINA
650 ## - ASSUNTO - THESAGRO
Cabeçalho tópico ou nome geográfico VALOR NUTRITIVO
773 0# - ENTRADA ANALÍTICA
Host Biblionumber 3545
Registro do item 317600
Imprenta Viçosa-MG Sociedade Brasileira de Zootecnia 1997
Outro identificador 2024-4310
Título Revista Brasileira de Zootecnia (Brazil)
ISSN 1516-3598
Colação v. 49 p. 1-11; (2020)
Número de controle de registro BR2025000529
856 ## - ACESSO E ENDEREÇO ELETRÔNICO
Identificador uniforme de recurso - URI https://www.scielo.br/j/rbz/a/d4wmZVhM7zDCM7GxVb9Jxgn/?format=pdf&lang=en

Nenhum exemplar disponível.

BINAGRI

Telefone: (61)3218-2567/2388/3357/2097 - binagri@agro.gov.br

Ministério da Agricultura e Pecuária , Esplanada dos Ministérios, Bloco D, Anexo B, Brasília/DF, CEP: 70.043-900